00283 a2200097 4500001000900000005001700009008004100026245002400067100002400091773007000115ART_680620260410161553.0260409a 10aPrimas por fusión1 aMantovan, Flavio A.0 tProfesional & Empresariag- Año VIII, Nº 86 (nov. 2006)wREV70